书目信息 |
| 题名: |
河北方言词汇编下
|
|
| 作者: | 李行健 | |
| 分册: | ||
| 出版信息: | 秦皇岛市 燕山大学出版社 2021 |
|
| 页数: | 424 | |
| 开本: | 29 | |
| 丛书名: | 燕赵文库 | |
| 单 册: | ||
| 中图分类: | H172.1 | |
| 科图分类: | ||
| 主题词: | 汉语方言 | |
| 电子资源: | ||
| ISBN: | 978-7-81142-361-7 | |
| 000 | 00639nam0 2200217 450 | |
| 001 | 202312141976125921 | |
| 005 | 20231218093935.70 | |
| 010 | @a978-7-81142-361-7@dCNY189.00 | |
| 100 | @a20231214d km y0chiy0120 ea | |
| 101 | 0 | @achi |
| 200 | 1 | @a河北方言词汇编下@AHe Bei Fang Yan Ci Hui Bian Xia@f李行健@FLi Xing Jian |
| 205 | @a2021.50 | |
| 210 | @a秦皇岛市@c燕山大学出版社@d2021 | |
| 215 | @a424@d29 | |
| 225 | 2 | @a燕赵文库 |
| 410 | 0 | @12001 @a燕赵文库 |
| 606 | 0 | @a汉语方言 |
| 690 | @aH172.1@v4 | |
| 701 | 0 | @a李行健@ALi Xing Jian |
| 801 | 0 | @aCN@b大连网信软件有限公司图书馆·11@c20231218 |
| 905 | @aZUCC@b1053462@dH172.1@e110:2 | |
| 河北方言词汇编下/李行健.-2021.50.-秦皇岛市:燕山大学出版社,2021 |
| 424;29.-(燕赵文库) |
| ISBN 978-7-81142-361-7:CNY189.00 |
| ● |
| 相关链接 |
|
|
|
|
正题名:河北方言词汇编下
索取号:H172.1/110:2
 
预约/预借
| 序号 | 登录号 | 条形码 | 馆藏地/架位号 | 状态 | 备注 |
| 1 | 1053462 | 210534625 | 第四借阅区/ [索取号:H172.1/110:2] | 在馆 | |
| 2 | 1053463 | 210534634 | 第一样本阅览室/ [索取号:H172.1/110:2] | 在馆 | |
| 3 | 1053465 | 210534652 | 第四借阅区/ [索取号:H172.1/110:2] | 在馆 | |
| 4 | 1053467 | 210534670 | 第四借阅区/ [索取号:H172.1/110:2] | 在馆 | |
| 5 | 1053469 | 210534698 | 第四借阅区/ [索取号:H172.1/110:2] | 在馆 | |
| 6 | 1053471 | 210534714 | 第四借阅区/ [索取号:H172.1/110:2] | 在馆 | |
| 7 | 1053473 | 210534732 | 第四借阅区/ [索取号:H172.1/110:2] | 在馆 | |
| 8 | 1053475 | 210534750 | 第四借阅区/ [索取号:H172.1/110:2] | 在馆 | |
| 9 | 1053477 | 210534778 | 第四借阅区/ [索取号:H172.1/110:2] | 在馆 | |
| 10 | 1053479 | 210534796 | 第四借阅区/ [索取号:H172.1/110:2] | 在馆 | |
| 11 | 1053481 | 210534812 | 第四借阅区/ [索取号:H172.1/110:2] | 在馆 | |
| 12 | 1053482 | 210534821 | 第四借阅区/ [索取号:H172.1/110:2] | 在馆 | |
| 13 | 1053484 | 210534849 | 第四借阅区/ [索取号:H172.1/110:2] | 在馆 |